Quizzes
Events
Quiz Creation
Community
Videos
Private Events
Remove Ads
Sign In
Join for FREE
Feedback
Dark Mode
Quiz Categories
Sports
Geography
Music
Movies
Television
Just For Fun
Miscellaneous
History
Literature
Language
Science
Gaming
Entertainment
Religion
Holiday
For Kids
Quiz Lab
Recent
Popular Today
Quiz Kudos Today
Editor Picks
Curator Picks
Quizzes by...
Day
Popularity
Type
Ratings
Length
Year
Community
Subscriptions
Recent Discussions
Orange Saloon
Badges
Playlists
Quests
Create
Leaderboards
Showdown
Live 5
Trivia Bingo
Activity
Puzzle Library
Sporcle Events
Private Events
Virtual Trivia
Globe League
Become a Host
Pub Owners
SporcleCon
Opinionation
Our Games
Videos
Blog
Mobile Apps
Partnerships
Remove Ads and Go Orange
Feedback
Sports
Athletes
MLB
NBA
NHL
NFL
Soccer
Sports Teams
WWE
NCAA
Football
Premier League
Basketball
Baseball
Hockey
Golf
Tennis
Cricket
Rugby
Auto Racing
Olympics
World Cup
Sports
Athletes
MLB
NBA
NHL
NFL
Soccer
Sports Teams
WWE
NCAA
Football
Premier League
Basketball
Baseball
Hockey
Golf
Tennis
Cricket
Rugby
Auto Racing
Olympics
World Cup
Random Quiz
Search Sporcle
×
Quiz Lab
Quiz Lab
Sports
Basketball
Type in answers that appear in a list
Type in answers that appear in a list
Classic
Best Score? Go Orange.
NBA 14 Pts, 14 Reb, 14 Ast Stats
Can you name the NBA players to have 14 points, 14 rebounds, and 14 assists in a game (since 1984-85))?
By
dlh1231
2m
21 Questions
6,501 Plays
6,501 Plays
6,501 Plays
Comments
Comments
Give Quiz Kudos
Give Quiz Kudos
-
- Ratings
hide this ad
Replay
Link that replays current quiz
Next Quiz
Link to next quiz in quiz playlist
You Got
0%
They Got
Avg Score
53%
Avg Friend Score
Upgrade to see
Score Distribution
Jump to the score distribution portion of the page
Score
0/21
Timer
02:00
0
Plays Today
Year
Player
% Correct
1984-
85
Michael Jordan
87.4%
1988-
89
Magic Johnson
86.3%
1988-
89
Magic Johnson
86.3%
1984-
85
Magic Johnson
85.1%
1985-
86
Magic Johnson
85.1%
2004-
05
LeBron James
78.9%
2014-
15
Russell Westbrook
78.1%
1988-
89
Michael Jordan
77%
1990-
91
Magic Johnson
75.8%
1995-
96
Jason Kidd
75.3%
1986-
87
Larry Bird
75.3%
Year
Player
% Correct
2009-
10
Jason Kidd
75.2%
1999-
00
Jason Kidd
65.2%
2006-
07
Jason Kidd
65.2%
1986-
87
Larry Bird
65%
2008-
09
Rajon Rondo
46.6%
2011-
12
Rajon Rondo
42.5%
1996-
97
Grant Hill
25.7%
2012-
13
Paul Pierce
19.5%
1999-
00
Steve Francis
7.4%
1985-
86
Reggie Theus
2.4%
Quiz Playlist
Details
Report
Send in Message
Add To Playlist
Classic:
Type in answers that appear in a list
Quiz Source
Last Updated: Feb 16, 2017
Quiz Scoreboard
CHALLENGE
Sign Up to Join the Scoreboard
Show All
Scores
Hide
Comments
May contain spoilers
Recently Published
One Thing in Common: World Cities II
by knightlancer
Geography
7m
Popular People in 1961
by mucciniale
History
6m
1-10 Letter E Words III
by El_Dandy
Language
2m
More to Explore
Quiz From the Vault
Featured Blog Post
Where Did the Easter Bunny Come From?
hide this ad
You Might Also Like...
Tags
Basketball Quiz
NBA Quiz
1980s
assist
ast
Player
point
pts
reb
rebounds
team
Today's Top Quizzes in Sports
Browse Sports
hide this ad
Today's Top Quizzes in Basketball
Browse Basketball
Top Contributed Quizzes in Sports
1
Les meilleurs buteurs des matchs entre le PSG et l’OM
2
Les entraîneurs de l'OM et du PSG au 21e siècle
3
FIFA Club World Cup Champions
4
2022 World Cup Stars
5
Name the Premier League winners with different clubs
6
La finale Lions - Afrique du Sud 2021
7
Criteria MLB: Left Handed Sluggers
8
Players with Multiple 50 Home Run Seasons
9
MLB Players with Two .350 Batting Average Seasons
10
MLB Hall of Famer by Rings
Explore More
Trending Topics
Marvel
Kpop
Harry Potter
NBA
Crossword
Disney
Anime
Song
Soccer
NFL
The Office
Country
WWE
Pokémon
Puzzle
hide this ad
More By:
dlh1231
Quiz
Plays
Rating
Category
Featured
Created
Most Well-Known Countries By Continent
431,775
4.62
Geography
May 1, 2010
NBA Scorers by Draft Pick
226,474
4.37
Sports
Jun 23, 2010
NBA 25 PPG After 10 Seasons
195,008
4.46
Sports
Dec 28, 2010
NBA Top 5 Scorers by Seasons Played
144,165
4.82
Sports
Apr 10, 2013
First NBA 50 Point Game by Season
116,242
4.66
Sports
Jan 29, 2014
Go to Creator's Profile
Score Distribution
Quiz Creator Spotlight
dlh1231
Follow
Send a Message
Quizzes Created
-
Created Quiz Play Count
-
More By This Creator
Popular Quizzes Today
1
Find the US States - No Outlines Minefield
2
Find the Countries of Europe - No Outlines Minefield
3
The Countries of the World
4
Popular People in 1961
5
1-10 Letter E Words III
6
Find the US States
7
One Thing in Common: World Cities II
8
US States
More Sports Quizzes
Liv Morgan WWE PPV Opponents
Curator's Pick
Trending Quizzes
Risky Map Clicking: Least Populous States A-Z
1-10 Letter F Words
1-10 Letter G Words
One Thing in Common: United Kingdom
Risky Map Clicking: Biggest States A-Z
Recently Updated
Leaping Animals
pecheneg
Reality TV Shows (A-Z)
bhenderson79
Rickey Henderson's Hall of Fame Teammates
pecheneg
Champions League XIs: Arsenal
pecheneg
Quick Pick: Celebrities in WWE's Hall of Fame
aduchscher
A-Z Keypad Blitz II
pecheneg
Multiple Oscar Actors
pecheneg
Mystery Phrase Blitz: Oscar 'Best Actors'
pecheneg
F. Scott Fitzgerald Novels
LTH
Pick 3 Villains
ddd62291
Trending Topics
Anime
Harry Potter
Kpop
Crossword
Disney
NBA
Marvel
Puzzle
Soccer
The Office
Pokémon
Country
NFL
Song
WWE
Your Account Isn't Verified!
In order to create a playlist on Sporcle, you need to verify the email address you used during registration. Go to your
Sporcle Settings
to finish the process.
Report this User
Report this user for behavior that violates our
Community Guidelines
.
Details:
Send Report
Go to the Sporcle.com Mobile Site →
Comments